<?xml version="1.0" encoding="UTF-8"?><?xml-stylesheet type="text/xsl" href="static/style.xsl"?><OAI-PMH xmlns="http://www.openarchives.org/OAI/2.0/" xmlns:xsi="http://www.w3.org/2001/XMLSchema-instance" xsi:schemaLocation="http://www.openarchives.org/OAI/2.0/ http://www.openarchives.org/OAI/2.0/OAI-PMH.xsd"><responseDate>2026-04-13T07:11:58Z</responseDate><request verb="GetRecord" identifier="oai:www.recercat.cat:2072/242868" metadataPrefix="marc">https://recercat.cat/oai/request</request><GetRecord><record><header><identifier>oai:recercat.cat:2072/242868</identifier><datestamp>2024-12-13T10:24:24Z</datestamp><setSpec>com_2072_96855</setSpec><setSpec>com_2072_96852</setSpec><setSpec>com_2072_2015</setSpec><setSpec>col_2072_228885</setSpec></header><metadata><record xmlns="http://www.loc.gov/MARC21/slim" xmlns:dcterms="http://purl.org/dc/terms/" xmlns:xsi="http://www.w3.org/2001/XMLSchema-instance" xmlns:doc="http://www.lyncode.com/xoai" xsi:schemaLocation="http://www.loc.gov/MARC21/slim http://www.loc.gov/standards/marcxml/schema/MARC21slim.xsd">
   <leader>00925njm 22002777a 4500</leader>
   <datafield ind2=" " ind1=" " tag="042">
      <subfield code="a">dc</subfield>
   </datafield>
   <datafield ind2=" " ind1=" " tag="720">
      <subfield code="a">Solé Blanch, Jordi</subfield>
      <subfield code="e">author</subfield>
   </datafield>
   <datafield ind2=" " ind1=" " tag="520">
      <subfield code="a">Peer-reviewed</subfield>
   </datafield>
   <datafield ind2=" " ind1=" " tag="520">
      <subfield code="a">En aquest article es fa una anàlisi dels malestars socials contemporanis alhora que s'apunten algunes vies per a la seva superació. A la vigència del plantejament de Freud al voltant de les causes que expliquen el patiment humà, s'afegeixen nous motius que tenen el seu origen en la individualització de les formes de vida de l'època actual, des de les insatisfaccions que produeix el materialisme, a les imposicions d'un sistema social i econòmic que ens subjecta a una existència precària viscuda en soledat. Per a fer front a aquest «ésser precari» que ofega les nostres vides, s'ha desenvolupat una cultura terapèutica que afecta també als professionals del camp social. La nostra proposta se situa en un altre extrem, apel·lant a un compromís (polític) capaç d'afectar les nostres vides i les pràctiques professionals.</subfield>
   </datafield>
   <datafield ind2=" " ind1=" " tag="520">
      <subfield code="a">En este artículo se hace un análisis de los malestares sociales contemporáneos a la vez que se identifican algunas vías para su superación. A la vigencia del planteamiento de Freud alrededor de las causas que explican el sufrimiento humano, se añaden nuevos motivos que tienen su origen en la individualización de las formas de vida de la época actual, desde las insatisfacciones que produce el materialismo, a las imposiciones de un sistema social y económico que nos sujeta a una existencia precaria vivida en soledad. Para hacer frente a este ¿ser precario¿ que ahoga nuestras vidas, se ha desarrollado una cultura terapéutica que afecta también a los profesionales del campo social. Nuestra propuesta se sitúa en otro extremo, apelando a un compromiso (político) capaz de afectar nuestras vidas y las prácticas profesionales</subfield>
   </datafield>
   <datafield ind2=" " ind1=" " tag="520">
      <subfield code="a">This paper analyses the contemporaneous social discomfort, while several ways to overcome them are identified.</subfield>
   </datafield>
   <datafield ind1="8" ind2=" " tag="024">
      <subfield code="a">http://hdl.handle.net/10609/39021</subfield>
   </datafield>
   <datafield tag="653" ind2=" " ind1=" ">
      <subfield code="a">Malestar, ésser precari,  poder terapèutic, compromís</subfield>
   </datafield>
   <datafield ind2="0" ind1="0" tag="245">
      <subfield code="a">Polititzar el malestar: un altre compromís en les pràctiques professionals del camp social.</subfield>
   </datafield>
</record></metadata></record></GetRecord></OAI-PMH>